[Event "VII Memorial Nicola Palladino B"]
[Site "Milano ITA"]
[Date "2015.04.05"]
[Round "5"]
[White "Myftaraj, Ylli"]
[Black "Aloe, Giancarlo"]
[WhiteElo "1634"]
[BlackElo "1602"]
[Result "1-0"]
[PlyCount "119"]
[EventDate "2015.04.02"]

1. d4 d5 2. Nf3 Nf6 3. c4 c6 4. e3 e6 5. Be2 Nbd7 6. Nc3 Be7 7. O-O O-O 8. b3
Re8 9. Bb2 Nf8 10. Ne5 Ng6 11. Nxg6 hxg6 12. Bf3 Qc7 13. cxd5 exd5 14. Rc1 Qd6
15. Nb1 Qe6 16. Ba3 Bd8 17. Nc3 g5 18. g3 g4 19. Bg2 Nh7 20. e4 Ng5 21. exd5
cxd5 22. Re1 Qd7 23. Rxe8+ Qxe8 24. Qe2 Qxe2 25. Nxe2 Nh3+ 26. Bxh3 gxh3 27.
Nf4 Be6 28. Re1 Ba5 29. b4 Bb6 30. Nxe6 fxe6 31. Rxe6 Bxd4 32. Kf1 Kf7 33. Rd6
Bf6 34. Rxd5 Rd8 35. Rxd8 Bxd8 36. b5 Ke6 37. Ke2 g5 38. Kf3 Kf5 39. g4+ Ke5
40. Kg3 Bb6 41. f3 Be3 42. Kxh3 Kd5 43. Kg3 Bf4+ 44. Kg2 Kc4 45. Be7 Kxb5 46.
h4 gxh4 47. Bxh4 Kc6 48. Bg3 Bh6 49. f4 Kd7 50. f5 Ke7 51. Kf3 b5 52. Bf4 Bf8
53. Be3 Kf7 54. Bxa7 Bd6 55. Bd4 Kg8 56. g5 Bf8 57. g6 Bd6 58. f6 Kf8 59. Ke4
Bg3 60. Bc5+ 1-0

[Event "VII Memorial Nicola Palladino B"]
[Site "Milano ITA"]
[Date "2015.04.05"]
[Round "5"]
[White "Palermiti, Francesco"]
[Black "Fantina, Carla"]
[WhiteElo "1444"]
[BlackElo "1333"]
[Result "1-0"]
[PlyCount "93"]
[EventDate "2015.04.02"]

1. d4 Nf6 2. Nf3 g6 3. e3 Bg7 4. c4 d6 5. Nc3 Nc6 6. a3 O-O 7. Be2 Bd7 8. O-O
a6 9. d5 Na7 10. b4 e5 11. dxe6 Bxe6 12. Bb2 Nc6 13. Rb1 Rb8 14. Bd3 Qc8 15. h3
Rd8 16. Qe2 Ne7 17. e4 c5 18. Nd5 Nexd5 19. exd5 Bd7 20. bxc5 Qxc5 21. Qd1 b5
22. cxb5 axb5 23. Bxf6 Bxf6 24. Qb3 Qb6 25. Qb4 Rdc8 26. a4 Rc5 27. a5 Qa6 28.
Rfc1 Rxc1+ 29. Rxc1 Ra8 30. Rb1 Rc8 31. Bxb5 Bxb5 32. Qxb5 Qxb5 33. Rxb5 Rc1+
34. Kh2 Ra1 35. g3 Ra2 36. Kg2 Bc3 37. Rb6 Rxa5 38. Rxd6 Ra7 39. Ng5 Kg7 40.
Ne4 Be5 41. Rc6 Rd7 42. d6 f5 43. f4 Bf6 44. Nc5 Ra7 45. Rc7+ Rxc7 46. dxc7 Be7
47. Na6 1-0

[Event "VII Memorial Nicola Palladino B"]
[Site "Milano ITA"]
[Date "2015.04.05"]
[Round "5"]
[White "Pipitone, Filippo Massimo"]
[Black "Ceraulo, Carlo Alberto"]
[WhiteElo "1549"]
[BlackElo "1467"]
[Result "1-0"]
[PlyCount "119"]
[EventDate "2015.04.02"]

1. d4 d5 2. Nf3 Nf6 3. e3 Bg4 4. c4 e6 5. Qb3 Nc6 6. Qxb7 Nb4 7. Qb5+ Qd7 8.
Qxd7+ Nxd7 9. Na3 Be7 10. c5 a6 11. Bd2 Nc6 12. Bd3 O-O 13. O-O e5 14. dxe5
Bxf3 15. gxf3 Ncxe5 16. Be2 Bxc5 17. Nc2 Be7 18. b3 Nf6 19. Bc3 Ned7 20. Rfd1
c5 21. Bb2 Rfd8 22. Rac1 a5 23. Bb5 Nb6 24. Na3 a4 25. Bxf6 gxf6 26. Nc2 axb3
27. axb3 Kg7 28. Ra1 Rxa1 29. Rxa1 f5 30. f4 Bf6 31. Ra6 Na8 32. Bd3 d4 33.
Bxf5 d3 34. Bxd3 Rxd3 35. Rxa8 Rxb3 36. Rc8 Rc3 37. Ne1 Rc1 38. Kf1 c4 39. Ke2
c3 40. Nd3 Rc2+ 41. Kf3 Rd2 42. Ke4 Rc2 43. Rc6 h5 44. Kf3 Ra2 45. e4 c2 46. e5
Be7 47. Nc1 Rb2 48. Nd3 Ra2 49. Nc1 Rb2 50. Ke2 Bb4 51. Kd3 Ba3 52. Rxc2 Rxc2
53. Kxc2 Bxc1 54. Kxc1 Kg6 55. Kd2 Kf5 56. Ke3 f6 57. exf6 Kxf6 58. Ke4 Ke6 59.
f5+ Kf6 60. h4 1-0

[Event "VII Memorial Nicola Palladino B"]
[Site "Milano ITA"]
[Date "2015.04.05"]
[Round "5"]
[White "Poletto, Daniele"]
[Black "Rigotti, Gianluigi"]
[WhiteElo "1709"]
[BlackElo "1503"]
[Result "1/2-1/2"]
[PlyCount "122"]
[EventDate "2015.04.02"]

1. c4 f5 2. Nc3 Nf6 3. g3 g6 4. Bg2 Bg7 5. e4 d6 6. exf5 Bxf5 7. Bxb7 Nbd7 8.
Bxa8 Qxa8 9. Qf3 O-O 10. Qxa8 Rxa8 11. Nge2 Ne5 12. O-O Nxc4 13. b3 Ne5 14. d4
Nd3 15. Be3 Ng4 16. Nd5 Kf7 17. h3 Nf6 18. Nxf6 Bxf6 19. g4 Bd7 20. Nc3 c6 21.
Ne4 Nb4 22. Nxf6 exf6 23. Rfc1 Re8 24. Rc4 Nd5 25. Re1 Nb6 26. Rcc1 d5 27. Bd2
Rb8 28. Bf4 Rb7 29. Re2 Nc8 30. Rce1 h5 31. f3 hxg4 32. hxg4 g5 33. Bg3 a5 34.
Rc1 Rb4 35. Rc5 a4 36. bxa4 Rxa4 37. Rd2 Ra3 38. Kg2 Nb6 39. Rcc2 Nc4 40. Rxc4
dxc4 41. Bd6 Rd3 42. Rxd3 cxd3 43. Kf2 Be6 44. a4 Bc4 45. Ke3 Ke6 46. Bc7 f5
47. gxf5+ Kxf5 48. a5 g4 49. fxg4+ Kxg4 50. Bb6 Kf5 51. Bc5 Ke6 52. Kd2 Kd5 53.
Bb6 Bb5 54. Bc5 Kc4 55. Bb6 Kb4 56. Bd8 c5 57. Be7 Kc4 58. Bxc5 Kd5 59. Kc3 Ba6
60. Bb6 Ke4 61. Kd2 Kd5 1/2-1/2

[Event "VII Memorial Nicola Palladino B"]
[Site "Milano ITA"]
[Date "2015.04.05"]
[Round "5"]
[White "Pollio, Ciro"]
[Black "Orlandini, Andrea"]
[WhiteElo "1779"]
[BlackElo "1672"]
[Result "0-1"]
[PlyCount "35"]
[EventDate "2015.04.02"]

1. d4 d5 2. c4 c6 3. cxd5 cxd5 4. Nf3 Nf6 5. Nc3 Nc6 6. Bf4 Bg4 7. Ne5 Bf5 8.
e3 e6 9. Bb5 Qb6 10. Qa4 Rc8 11. Rc1 Be7 12. Qb3 O-O 13. O-O Nxe5 14. Bxe5 a6
15. Bxf6 Bxf6 16. Na4 Qxb5 17. Qxb5 axb5 18. Nc5 0-1

[Event "VII Memorial Nicola Palladino B"]
[Site "Milano ITA"]
[Date "2015.04.06"]
[Round "6"]
[White "Aloe, Giancarlo"]
[Black "Pollio, Ciro"]
[WhiteElo "1602"]
[BlackElo "1779"]
[Result "1-0"]
[PlyCount "73"]
[EventDate "2015.04.02"]

1. c4 Nf6 2. Nc3 e6 3. e3 d5 4. cxd5 exd5 5. Nge2 c5 6. d4 Nc6 7. g3 cxd4 8.
exd4 Bb4 9. a3 Bxc3+ 10. Nxc3 Bg4 11. Qd3 Qe7+ 12. Be3 Bf3 13. Rg1 O-O 14. Bg2
Bxg2 15. Rxg2 Na5 16. Kf1 Nc4 17. Nxd5 Nxd5 18. Qxc4 Qxe3 19. Qxd5 Qd3+ 20. Kg1
Rad8 21. Qxb7 Rxd4 22. h4 Rd7 23. Qb4 Rd4 24. Qc5 a6 25. Rc1 Rfd8 26. Kh2 Qe2
27. f4 Qg4 28. Re1 h6 29. Ree2 Rd1 30. Qe3 R1d3 31. Qf2 Rf3 32. Qe1 Rdd3 33.
Re8+ Kh7 34. Qe4+ f5 35. Qa8 Kg6 36. Rh8 Rxg3 37. Qe8+ 1-0

[Event "VII Memorial Nicola Palladino B"]
[Site "Milano ITA"]
[Date "2015.04.06"]
[Round "6"]
[White "Cagnotto, Marco"]
[Black "Poletto, Daniele"]
[WhiteElo "1673"]
[BlackElo "1709"]
[Result "1/2-1/2"]
[PlyCount "36"]
[EventDate "2015.04.02"]

1. e4 c5 2. Nc3 Nc6 3. g3 g6 4. Bg2 Bg7 5. Nge2 e5 6. d3 Nge7 7. O-O d6 8. Bg5
h6 9. Be3 O-O 10. Qd2 Kh7 11. f4 f5 12. fxe5 Nxe5 13. d4 Nc4 14. Qc1 Nxe3 15.
Qxe3 cxd4 16. Nxd4 Qb6 17. Nce2 Nc6 18. c3 Re8 1/2-1/2

[Event "VII Memorial Nicola Palladino B"]
[Site "Milano ITA"]
[Date "2015.04.06"]
[Round "6"]
[White "Carli, Federico"]
[Black "Maran, Walter"]
[WhiteElo "1641"]
[BlackElo "1547"]
[Result "1/2-1/2"]
[PlyCount "75"]
[EventDate "2015.04.02"]

1. e4 e6 2. d4 d5 3. Nc3 Nf6 4. Bg5 Be7 5. e5 Nfd7 6. Bxe7 Qxe7 7. Nf3 a6 8.
Be2 c5 9. O-O Nc6 10. Re1 cxd4 11. Nxd4 O-O 12. f4 Qc5 13. Bxa6 Qxd4+ 14. Qxd4
Nxd4 15. Bd3 Nc5 16. Rac1 Bd7 17. b4 Nxd3 18. cxd3 Rfc8 19. Kf2 g6 20. g4 Nb5
21. Nxb5 Bxb5 22. d4 Rxc1 23. Rxc1 Rxa2+ 24. Kg3 Bc4 25. h4 Ra3+ 26. Kg2 Kg7
27. h5 Rb3 28. Rh1 Bd3 29. h6+ Kf8 30. Rc1 Rb2+ 31. Kg3 Rc2 32. Ra1 Rc8 33. Ra7
Rb8 34. Kh4 Ke7 35. Kg5 Be4 36. Ra5 Rc8 37. Ra7 Rb8 38. Ra5 1/2-1/2

[Event "VII Memorial Nicola Palladino B"]
[Site "Milano ITA"]
[Date "2015.04.06"]
[Round "6"]
[White "Casamassima, Paolo"]
[Black "Bonghi, Fabrizio"]
[WhiteElo "1633"]
[BlackElo "1498"]
[Result "1-0"]
[PlyCount "53"]
[EventDate "2015.04.02"]

1. d4 Nf6 2. c4 e6 3. Nf3 b6 4. g3 Bb7 5. Bg2 d5 6. cxd5 exd5 7. O-O Be7 8. Nc3
O-O 9. Qc2 Nbd7 10. Bf4 c5 11. e3 cxd4 12. Nxd4 Rc8 13. a3 Nc5 14. Nf5 Nce4 15.
Nxe7+ Qxe7 16. Qd3 Nc5 17. Qd1 Nfe4 18. Nxd5 Qe6 19. Nc7 Qe7 20. Nb5 Rfd8 21.
Nd4 Ne6 22. Qa4 Nxf4 23. exf4 Nc5 24. Qb4 Bxg2 25. Kxg2 Qe4+ 26. Nf3 Rd4 27.
Qxd4 1-0

[Event "VII Memorial Nicola Palladino B"]
[Site "Milano ITA"]
[Date "2015.04.06"]
[Round "6"]
[White "Colonetti, Fabio"]
[Black "Myftaraj, Ylli"]
[WhiteElo "1605"]
[BlackElo "1634"]
[Result "1/2-1/2"]
[PlyCount "62"]
[EventDate "2015.04.02"]

1. e4 d5 2. exd5 Qxd5 3. Nc3 Qa5 4. d4 Nf6 5. Bd2 c6 6. Nf3 Bf5 7. Bc4 Nbd7 8.
O-O e6 9. a3 Qc7 10. Re1 Bd6 11. h3 O-O 12. Nh4 Nb6 13. Bb3 Rfe8 14. Nxf5 exf5
15. Qf3 f4 16. Ne4 Nxe4 17. Rxe4 Rxe4 18. Qxe4 Nd7 19. Re1 Nf6 20. Qf3 Kf8 21.
c4 b6 22. Ba4 Rc8 23. Bc3 a6 24. Bb3 Re8 25. Rxe8+ Nxe8 26. Kf1 c5 27. d5 Qe7
28. Qe2 Qxe2+ 29. Kxe2 Ke7 30. Kf3 g5 31. Ke4 f6 1/2-1/2

[Event "VII Memorial Nicola Palladino B"]
[Site "Milano ITA"]
[Date "2015.04.06"]
[Round "6"]
[White "Crippa, Oscar"]
[Black "Biava, Pierluigi"]
[WhiteElo "1694"]
[BlackElo "1609"]
[Result "1/2-1/2"]
[PlyCount "64"]
[EventDate "2015.04.02"]

1. e4 c5 2. Nc3 e6 3. g3 Nc6 4. Bg2 a6 5. d3 Nge7 6. Nge2 d6 7. O-O Bd7 8. a4
Rb8 9. Be3 b5 10. axb5 axb5 11. Qd2 b4 12. Nd1 e5 13. f4 Nd4 14. f5 Nec6 15.
Nf2 Qb6 16. Bxd4 cxd4 17. g4 Be7 18. Ng3 Qd8 19. Nh3 O-O 20. Nh5 f6 21. Rf3 g6
22. Ng3 g5 23. Rff1 Rb5 24. Ra2 Rc5 25. Rfa1 Qc7 26. b3 Rc3 27. Bf3 Rc8 28. Bd1
Be8 29. Ne2 Rc5 30. Kf2 Bf7 31. Nhg1 d5 32. Ng3 Rc3 1/2-1/2

[Event "VII Memorial Nicola Palladino B"]
[Site "Milano ITA"]
[Date "2015.04.06"]
[Round "6"]
[White "Fantina, Carla"]
[Black "Castoldi, Andrea"]
[WhiteElo "1333"]
[BlackElo "1385"]
[Result "0-1"]
[PlyCount "100"]
[EventDate "2015.04.02"]

1. c4 c5 2. g3 Nc6 3. Bg2 g6 4. Nc3 Bg7 5. e3 e6 6. Nge2 Nge7 7. O-O d5 8. cxd5
exd5 9. d4 cxd4 10. Nxd4 Nxd4 11. exd4 O-O 12. Be3 Be6 13. h3 a6 14. Qb3 b5 15.
Rad1 Qd7 16. Kh2 Rfd8 17. Ne2 Rac8 18. Nf4 Rc4 19. Ne2 Bf5 20. Rc1 Rdc8 21.
Rfd1 Bc2 22. Rxc2 Rxc2 23. Nf4 R2c4 24. Qa3 Ra4 25. Qb3 Rac4 26. h4 h5 27. Bh3
f5 28. Bf1 R4c6 29. Nd3 Qa7 30. Ne5 Bxe5 31. dxe5 Qd7 32. Bd4 R6c7 33. Bg2 Rc1
34. Rd2 R1c4 35. Qe3 Kh7 36. e6 Qd6 37. Bf6 Re4 38. Bxe4 fxe4 39. Bxe7 Qxe7 40.
Rxd5 Qxe6 41. Rd4 Re8 42. b3 Re7 43. Qe2 Qe5 44. Rd8 e3 45. f3 Re8 46. Rd3 g5
47. hxg5 Qxg5 48. f4 Qg4 49. Rxe3 Qxe2+ 50. Rxe2 Rxe2+ 0-1

[Event "VII Memorial Nicola Palladino B"]
[Site "Milano ITA"]
[Date "2015.04.06"]
[Round "6"]
[White "Invernizzi, Ferruccio"]
[Black "Colica, Daniele"]
[WhiteElo "1597"]
[BlackElo "1624"]
[Result "1/2-1/2"]
[PlyCount "56"]
[EventDate "2015.04.02"]

1. e4 d5 2. exd5 Nf6 3. Nf3 Bg4 4. Be2 Qxd5 5. Nc3 Qh5 6. O-O Nc6 7. d3 O-O-O
8. Bf4 e6 9. h3 Qf5 10. Bg3 h5 11. hxg4 hxg4 12. Nh2 Bd6 13. Bxg4 Qh7 14. Bxd6
Rxd6 15. Bh3 Rd4 16. Qf3 Rh4 17. Qg3 Nd4 18. Nf3 Nxf3+ 19. Qxf3 Nh5 20. Ne2 f5
21. Rfe1 g5 22. g4 Nf4 23. Nxf4 gxf4 24. Bg2 fxg4 25. Qxb7+ Kd8 26. Rxe6 f3 27.
Qa8+ Kd7 28. Qc6+ Kd8 1/2-1/2

[Event "VII Memorial Nicola Palladino B"]
[Site "Milano ITA"]
[Date "2015.04.06"]
[Round "6"]
[White "Nikonov, Maxim"]
[Black "Ceraulo, Carlo Alberto"]
[WhiteElo "1507"]
[BlackElo "1467"]
[Result "1-0"]
[PlyCount "85"]
[EventDate "2015.04.02"]

1. e4 c6 2. d4 d5 3. Nc3 dxe4 4. Nxe4 Bf5 5. Ng3 Bg6 6. h4 h6 7. Nf3 Nd7 8. h5
Bh7 9. Bd3 Bxd3 10. Qxd3 e6 11. Bf4 Qa5+ 12. Bd2 Qc7 13. O-O-O Ngf6 14. Kb1 Bd6
15. Ne4 Nxe4 16. Qxe4 a5 17. g4 Nf6 18. Qe2 O-O-O 19. Ne5 Bxe5 20. dxe5 Nd5 21.
g5 Ne7 22. gxh6 gxh6 23. c3 b5 24. b4 a4 25. f4 Nf5 26. Be1 Rxd1+ 27. Qxd1 Qd7
28. Qxd7+ Kxd7 29. Rg1 Kc7 30. Bf2 Kb7 31. Kc2 Rd8 32. Rd1 Rxd1 33. Kxd1 Ne7
34. Kd2 Nd5 35. Be3 Kc7 36. f5 exf5 37. Bxh6 Kd7 38. Bg7 Ne7 39. h6 Ng6 40. h7
Ke6 41. h8=Q Nxh8 42. Bxh8 Kd5 43. Kd3 1-0

[Event "VII Memorial Nicola Palladino B"]
[Site "Milano ITA"]
[Date "2015.04.06"]
[Round "6"]
[White "Orlandini, Andrea"]
[Black "De Lerma, Andrea"]
[WhiteElo "1672"]
[BlackElo "1709"]
[Result "1/2-1/2"]
[PlyCount "76"]
[EventDate "2015.04.02"]

1. e4 g6 2. d4 Bg7 3. c4 d6 4. Nc3 Nf6 5. Nf3 O-O 6. Be2 c5 7. d5 e6 8. O-O
exd5 9. exd5 Re8 10. Re1 Nbd7 11. h3 Ne5 12. Bf4 Nfd7 13. Bg3 Nxf3+ 14. Bxf3
Ne5 15. b3 Bf5 16. Be4 Bxe4 17. Nxe4 f5 18. Nd2 Nd3 19. Rxe8+ Qxe8 20. Rb1 f4
21. Bh4 h6 22. Qf3 Ne5 23. Qxf4 g5 24. Bxg5 hxg5 25. Qxg5 Nf7 26. Qg4 Qe7 27.
Nf3 Ne5 28. Nxe5 Qxe5 29. Qe6+ Qxe6 30. dxe6 Re8 31. b4 cxb4 32. Rxb4 b6 33.
Ra4 a5 34. Ra3 Rxe6 35. Rb3 Bd4 36. Rd3 Re1+ 37. Kh2 Be5+ 38. g3 Re2 1/2-1/2

[Event "VII Memorial Nicola Palladino B"]
[Site "Milano ITA"]
[Date "2015.04.06"]
[Round "6"]
[White "Palermiti, Francesco"]
[Black "Bossoni, Alessandra"]
[WhiteElo "1444"]
[BlackElo "1489"]
[Result "1-0"]
[PlyCount "91"]
[EventDate "2015.04.02"]

1. d4 d6 2. Nf3 Nf6 3. c4 g6 4. Nc3 Bg7 5. e3 O-O 6. Be2 Nc6 7. O-O e5 8. dxe5
dxe5 9. e4 Be6 10. a3 Bg4 11. Be3 Re8 12. Qc2 Qe7 13. Nd5 Nxd5 14. cxd5 Bxf3
15. Bxf3 Nd4 16. Bxd4 exd4 17. Rad1 Rac8 18. Bg4 Rcd8 19. Rfe1 f5 20. Bf3 Kh8
21. b4 Rxd5 22. Qd3 Rdd8 23. g3 fxe4 24. Rxe4 Qd6 25. Rxe8+ Rxe8 26. Bxb7 c6
27. Ba6 c5 28. bxc5 Qxc5 29. Bb5 Rc8 30. a4 Qc3 31. Qe2 Qc2 32. Rd2 Qb1+ 33.
Kg2 h6 34. Bd3 Qb4 35. Qd1 Qb7+ 36. Kg1 Kh7 37. h4 h5 38. Re2 Bh6 39. f4 Kg7
40. Qe1 Rc7 41. Re4 Qb2 42. Re7+ Rxe7 43. Qxe7+ Kh8 44. Qe8+ Kg7 45. Qxg6+ Kf8
46. Qxh6+ 1-0

[Event "VII Memorial Nicola Palladino B"]
[Site "Milano ITA"]
[Date "2015.04.06"]
[Round "6"]
[White "Persico, Lorenzo"]
[Black "Benedetti, Mario"]
[WhiteElo "1427"]
[BlackElo "1313"]
[Result "1-0"]
[PlyCount "49"]
[EventDate "2015.04.02"]

1. e4 c5 2. Nc3 Nc6 3. g3 d6 4. Bg2 e5 5. d3 Nf6 6. Nge2 Bd7 7. O-O a6 8. a4
Be7 9. f4 Bg4 10. h3 Bxe2 11. Nxe2 O-O 12. f5 g6 13. g4 Re8 14. g5 Nh5 15. f6
Bf8 16. Bf3 Qd7 17. Bg4 Qc7 18. Bxh5 gxh5 19. Ng3 Qd7 20. Qxh5 Nd4 21. c3 Ne6
22. Nf5 Nf4 23. Bxf4 exf4 24. Nh6+ Bxh6 25. Qxh6 1-0

[Event "VII Memorial Nicola Palladino B"]
[Site "Milano ITA"]
[Date "2015.04.06"]
[Round "6"]
[White "Pirovano, Ezio"]
[Black "Bolognese, Leonardo"]
[WhiteElo "1433"]
[BlackElo "1564"]
[Result "1-0"]
[PlyCount "63"]
[EventDate "2015.04.02"]

1. e4 e5 2. Nf3 Nc6 3. Bb5 Nge7 4. c3 g6 5. O-O Bg7 6. d4 exd4 7. cxd4 a6 8.
Ba4 b5 9. Bb3 d5 10. exd5 Nxd5 11. Bxd5 Qxd5 12. Re1+ Ne7 13. Nc3 Qd8 14. Qe2
Be6 15. Bg5 O-O 16. Bxe7 Qxe7 17. d5 b4 18. Na4 Qd7 19. dxe6 Qxa4 20. exf7+
Rxf7 21. Ng5 Rd7 22. Qe6+ Kh8 23. Nf7+ Rxf7 24. Qxf7 Qc6 25. Qf3 Qxf3 26. gxf3
Bxb2 27. Rab1 Bc3 28. Re7 c6 29. Rc7 Bd4 30. Re1 Rg8 31. Ree7 Rg7 32. Rxg7 1-0

[Event "VII Memorial Nicola Palladino B"]
[Site "Milano ITA"]
[Date "2015.04.06"]
[Round "6"]
[White "Rigotti, Gianluigi"]
[Black "Pipitone, Filippo Massimo"]
[WhiteElo "1503"]
[BlackElo "1549"]
[Result "0-1"]
[PlyCount "96"]
[EventDate "2015.04.02"]

1. e4 c5 2. g3 Nc6 3. Bg2 e6 4. Ne2 d5 5. exd5 exd5 6. O-O Nf6 7. c3 Be7 8. d4
O-O 9. Bg5 Ne4 10. Bxe7 Qxe7 11. Nf4 Be6 12. Re1 Nf6 13. Bxd5 Nxd5 14. Nxd5 Qd6
15. Nf4 cxd4 16. Na3 Bf5 17. Nb5 Qf6 18. Nxd4 Rad8 19. Qa4 Nxd4 20. cxd4 Qxd4
21. Qxd4 Rxd4 22. Re7 g5 23. Ng2 Be4 24. Ne3 Bc6 25. b3 Rfd8 26. h3 Kf8 27. Re5
f6 28. Rc5 Kf7 29. Kf1 Kg6 30. g4 Be4 31. Ke1 h5 32. gxh5+ Kxh5 33. Nf5 Bxf5
34. Rxf5 Kg6 35. Rc5 f5 36. Rc7 R8d7 37. Rxd7 Rxd7 38. Ke2 Kh5 39. Kf3 Kh4 40.
Kg2 Rd3 41. Rc1 Rxh3 42. Rc7 Rd3 43. Rxb7 f4 44. Kf1 f3 45. Ke1 Kg4 46. Rxa7
Kh3 47. Rh7+ Kg2 48. Rg7 Rd5 0-1

[Event "VII Memorial Nicola Palladino B"]
[Site "Milano ITA"]
[Date "2015.04.06"]
[Round "6"]
[White "Russo, Luca"]
[Black "Mapelli, Davide"]
[WhiteElo "1609"]
[BlackElo "1579"]
[Result "0-1"]
[PlyCount "54"]
[EventDate "2015.04.02"]

1. e4 e5 2. Nf3 Nc6 3. Bb5 f5 4. d4 fxe4 5. Nxe5 Qf6 6. Nxc6 dxc6 7. Bc4 Qg6 8.
Rg1 Bd6 9. g3 Bg4 10. Be2 Nf6 11. Nc3 O-O-O 12. Be3 Bb4 13. Bxg4+ Nxg4 14. h3
Nh2 15. Rg2 Nf3+ 16. Kf1 Bxc3 17. bxc3 Qh5 18. h4 Qf5 19. g4 Qb5+ 20. Qe2 Qb2
21. Rd1 Qxc3 22. Rg3 Rde8 23. d5 cxd5 24. Rxd5 Rd8 25. Bd4 Qb4 26. Rb5 Qxd4 27.
Rxf3 exf3 0-1

[Event "VII Memorial Nicola Palladino B"]
[Site "Milano ITA"]
[Date "2015.04.06"]
[Round "7"]
[White "Aloe, Giancarlo"]
[Black "Orlandini, Andrea"]
[WhiteElo "1602"]
[BlackElo "1672"]
[Result "0-1"]
[PlyCount "44"]
[EventDate "2015.04.02"]

1. d4 d5 2. Nf3 Nf6 3. g3 Bf5 4. Bg2 e6 5. O-O c5 6. Nbd2 Nc6 7. c3 Be7 8. b3
O-O 9. Bb2 Rc8 10. Rc1 Qa5 11. a3 cxd4 12. b4 Qb6 13. cxd4 a5 14. Re1 axb4 15.
axb4 Bxb4 16. Qb3 Na5 17. Rxc8 Nxb3 18. Rxf8+ Kxf8 19. Nxb3 Bxe1 20. Nxe1 Qxb3
21. Bc1 Qc3 22. Nd3 Bxd3 0-1

[Event "VII Memorial Nicola Palladino B"]
[Site "Milano ITA"]
[Date "2015.04.06"]
[Round "7"]
[White "Benedetti, Mario"]
[Black "Fantina, Carla"]
[WhiteElo "1313"]
[BlackElo "1333"]
[Result "1/2-1/2"]
[PlyCount "175"]
[EventDate "2015.04.02"]

1. d4 Nf6 2. c4 g6 3. Nc3 Bg7 4. Nf3 d6 5. Bg5 h6 6. Bxf6 Bxf6 7. e3 c6 8. Be2
Nd7 9. Qd2 Bg7 10. Ne4 O-O 11. O-O Nb6 12. Qd1 Bf5 13. Nc3 d5 14. cxd5 cxd5 15.
Nd2 e5 16. dxe5 Bxe5 17. Nf3 Bg7 18. Bd3 Be6 19. Rc1 a6 20. Re1 Qd7 21. Nd4
Rad8 22. Nxe6 Qxe6 23. Qb3 Rd6 24. Ne2 Qd7 25. Rc2 Rc8 26. Rec1 Rxc2 27. Rxc2
Na4 28. Nd4 Rb6 29. Qa3 Bf8 30. b4 Bxb4 31. Qc1 Bd6 32. g3 Qe7 33. Nb3 Kg7 34.
Qa1+ Be5 35. Qe1 Re6 36. Re2 Nb2 37. Bc2 Qc7 38. Nd4 Bxd4 39. exd4 Rxe2 40.
Qxe2 Nc4 41. Bb3 b5 42. h4 Qd7 43. Kg2 Qe6 44. Qd3 Qe4+ 45. Qxe4 dxe4 46. Bc2
Nd6 47. f3 f5 48. f4 h5 49. Kf2 Kf7 50. Bb3+ Kf6 51. Ke3 Ke7 52. d5 a5 53. a4
b4 54. Kd4 Kf6 55. Ke3 Nb7 56. Kd4 Nd6 57. Ke3 Ke7 58. Kd4 e3 59. Kxe3 Ne4 60.
Ke2 Nxg3+ 61. Kf3 Ne4 62. Ke3 Kd6 63. Kd4 Nd2 64. Bc4 Nf3+ 65. Kd3 Nxh4 66. Kd4
Nf3+ 67. Ke3 Ne1 68. Bb3 Ng2+ 69. Kf3 Nh4+ 70. Kg3 g5 71. fxg5 Ng6 72. Kf3 h4
73. Bc2 Kxd5 74. Bxf5 Ne5+ 75. Kf4 b3 76. g6 Nxg6+ 77. Bxg6 b2 78. Kg4 Kc5 79.
Kxh4 Kb4 80. Kg3 Kxa4 81. Kf3 Ka3 82. Ke2 Kb3 83. Kd2 a4 84. Bc2+ Kb4 85. Bb1
a3 86. Kc2 Ka4 87. Ba2 Kb4 88. Bb1 1/2-1/2

[Event "VII Memorial Nicola Palladino B"]
[Site "Milano ITA"]
[Date "2015.04.06"]
[Round "7"]
[White "Biava, Pierluigi"]
[Black "Invernizzi, Ferruccio"]
[WhiteElo "1609"]
[BlackElo "1597"]
[Result "0-1"]
[PlyCount "40"]
[EventDate "2015.04.02"]

1. Nf3 d6 2. e4 Nf6 3. Bd3 g6 4. c3 Bg7 5. O-O O-O 6. Re1 e5 7. Bc2 Nc6 8. d3
a6 9. a4 Bd7 10. b4 b5 11. a5 Nh5 12. Ra3 Nf4 13. d4 Qf6 14. Be3 Bg4 15. Nbd2
exd4 16. cxd4 Nxb4 17. e5 dxe5 18. dxe5 Bxf3 19. Nxf3 Qc6 20. Nd4 Qxg2# 0-1

[Event "VII Memorial Nicola Palladino B"]
[Site "Milano ITA"]
[Date "2015.04.06"]
[Round "7"]
[White "Bolognese, Leonardo"]
[Black "Rigotti, Gianluigi"]
[WhiteElo "1564"]
[BlackElo "1503"]
[Result "1-0"]
[PlyCount "26"]
[EventDate "2015.04.02"]

1. d4 f5 2. c4 Nf6 3. Nc3 g6 4. Nf3 d6 5. Bf4 Bg7 6. e3 c6 7. Be2 O-O 8. O-O h6
9. h3 g5 10. Bh2 Nbd7 11. d5 c5 12. a3 a6 13. b4 b6 {phone default} 1-0

[Event "VII Memorial Nicola Palladino B"]
[Site "Milano ITA"]
[Date "2015.04.06"]
[Round "7"]
[White "Bonghi, Fabrizio"]
[Black "Bossoni, Alessandra"]
[WhiteElo "1498"]
[BlackElo "1489"]
[Result "1/2-1/2"]
[PlyCount "106"]
[EventDate "2015.04.02"]

1. d4 d6 2. e4 Nf6 3. Nc3 g6 4. f4 Bg7 5. Nf3 Nc6 6. Be2 O-O 7. O-O Re8 8. e5
dxe5 9. fxe5 Nd5 10. Nxd5 Qxd5 11. c4 Qd8 12. b3 Bg4 13. Bb2 Qd7 14. d5 Bxf3
15. dxc6 Qxd1 16. Bxd1 Bxd1 17. Raxd1 bxc6 18. Rd7 Rac8 19. Re1 Kf8 20. Re3
Red8 21. Red3 Rxd7 22. Rxd7 e6 23. h3 Ke8 24. Rd3 Rd8 25. Rxd8+ Kxd8 26. g4 Ke7
27. Kg2 f6 28. Ba3+ Kd7 29. exf6 Bxf6 30. Kf3 a6 31. Ke4 Ke8 32. Bc1 c5 33. Bd2
Kd7 34. a4 Ke7 35. Be1 Kf7 36. Bf2 Bd4 37. Bxd4 cxd4 38. Kxd4 Kf6 39. Ke4 h5
40. gxh5 gxh5 41. h4 c6 42. b4 e5 43. b5 cxb5 44. cxb5 axb5 45. axb5 Ke6 46. b6
Kd6 47. b7 Kc7 48. Kxe5 Kxb7 49. Kf5 Kc7 50. Kg5 Kd7 51. Kxh5 Ke7 52. Kg6 Kf8
53. h5 Kg8 1/2-1/2

[Event "VII Memorial Nicola Palladino B"]
[Site "Milano ITA"]
[Date "2015.04.06"]
[Round "7"]
[White "Castoldi, Andrea"]
[Black "Carli, Federico"]
[WhiteElo "1385"]
[BlackElo "1641"]
[Result "0-1"]
[PlyCount "74"]
[EventDate "2015.04.02"]

1. e4 e5 2. Nf3 Nc6 3. Nc3 Nf6 4. Bb5 Bc5 5. O-O d6 6. d3 O-O 7. Bxc6 bxc6 8.
Qe2 Bg4 9. Be3 Bxe3 10. Qxe3 Re8 11. h3 Bh5 12. Nd2 d5 13. exd5 cxd5 14. Qc5
Qe7 15. Qc6 d4 16. Nd5 Nxd5 17. Qxd5 Qd6 18. Qxd6 cxd6 19. Rfe1 d5 20. Kf1 f5
21. f3 Rab8 22. b3 Bg6 23. Kf2 e4 24. fxe4 fxe4 25. Kg3 exd3 26. cxd3 Re3+ 27.
Rxe3 dxe3 28. Nf3 Re8 29. Ne1 Rf8 30. Rc1 Rf1 31. d4 Kf7 32. Kg4 Be4 33. Kg3
Kg6 34. h4 Kf5 35. Kh3 e2 36. g4+ Kf4 37. h5 Rh1# 0-1

[Event "VII Memorial Nicola Palladino B"]
[Site "Milano ITA"]
[Date "2015.04.06"]
[Round "7"]
[White "Ceraulo, Carlo Alberto"]
[Black "Colonetti, Giacomo"]
[WhiteElo "1467"]
[BlackElo "1338"]
[Result "1/2-1/2"]
[PlyCount "109"]
[EventDate "2015.04.02"]

1. d4 Nf6 2. c4 g6 3. Nc3 d5 4. e3 Bg7 5. Nf3 O-O 6. Be2 e6 7. b3 Re8 8. Bb2
Nbd7 9. Qd2 c5 10. O-O a6 11. dxc5 Nxc5 12. b4 Nce4 13. Nxe4 Nxe4 14. Qc2 Bxb2
15. Qxb2 dxc4 16. Rfd1 Qc7 17. Qc2 f5 18. Qxc4 Qxc4 19. Bxc4 b5 20. Bb3 Bb7 21.
Rac1 Nf6 22. Rd6 Nd5 23. a3 Rad8 24. Rxd8 Rxd8 25. Ng5 Rc8 26. Rxc8+ Bxc8 27.
f3 h6 28. e4 hxg5 29. exd5 Kf7 30. Kf2 Ke7 31. Ke3 Kd6 32. dxe6 Bxe6 33. Bxe6
Kxe6 34. Kd4 Kd6 35. g4 f4 36. h3 Ke6 37. Kc5 Ke5 38. Kb6 Kd4 39. Kxa6 Ke3 40.
Kxb5 Kxf3 41. Ka4 Kg3 42. b5 f3 43. b6 f2 44. b7 f1=Q 45. b8=Q+ Qf4+ 46. Qb4
Kxh3 47. Kb5 Kxg4 48. a4 Kf5 49. a5 Qxb4+ 50. Kxb4 g4 51. a6 g3 52. a7 g2 53.
a8=Q g1=Q 54. Qd5+ Kf6 55. Qd6+ 1/2-1/2